000 00833nam a22002657a 4500
003 OSt
005 20260428152335.0
008 260428b |||||||| |||| 00| 0 eng d
020 _a978-93-49531-00-0
037 _cReference
040 _aFEDL
_beng
_cFEDL
041 _aeng
_heng
082 _a181.4 SHA/RR
100 _asharma, Raj Kishore, Ed.
_91235179
245 _aRajadharma:
_bGovernance and public ethics in Bharat/
_cedited by Raj Kishore Sharma; Deepak kumar.
260 _aNew Delhi
_bKitabwale
_c2025
300 _a72p.
365 _aINR
_b210.00
490 _vV. 9
650 _aPHILOSOPHY OF INDIA
_91234613
650 _aANCIENT BHARATIYA IDEAS
_91235903
700 _aDeepak Kumar, Ed.
_91235528
942 _2ddc
_cREF
_h181.4 SHA/RR
_n0
999 _c1848603
_d1848603